| 000 | 00427nam a2200145Ia 4500 | ||
|---|---|---|---|
| 008 | 230403s9999 xx 000 0 und d | ||
| 020 | _a978-93-86896-88-9 | ||
| 041 | _aeng | ||
| 082 | _aF/610.73/FRA/MIS/B10220 | ||
| 100 |
_aFrancis C and Misra K _9180190 |
||
| 245 | _aNursing Foundations for BSc Nursing Students 2nd Ed. Sem - I | ||
| 260 |
_bLotus Pub. _aJalandhar _c2022 |
||
| 300 | _a448p | ||
| 999 |
_c144308 _d144308 |
||